01002nam a22003017a 4500001000400000003000900004005001700013007000400030008002700034020001500061040002200076082002300098100004100121245012600162250001300288260003500301300002800336490002900364490000900393500002600402521000600428586007000434586007600504650003500580700002500615700002700640830003300667056DO-SdBNP20180220153332.0056151005b1991sp 00| 0 spa d a8434812444 aBPMSUbspacBPMSU a863.6 bC386m 19911 aCañizo Perate, José Antonio del.10aEl maestro y el robot /cJosé A. del Cañizo ; ilustración Arcadio Lobato ; colección dirigida por Marinella Terzi a11a. ed. aMadrid :bEdiciones SM, c1991 a154 p. :bil. ;c19 cm.1 aEl barco de vaporv49/111 aRoja aA partir de 12 años1 a  aPremio Nacional a la mejor labor editorial en literatura juvenil  a Obra premiada en el concurso literario de la Fundación Santa María aCUENTOS JUVENILES ESPAÑOLES 12aLobato, Arcadioeil.12aTerzi, Marinellaedir. 0aBarco de vaporn49/11pRoja